| 000 | 00418nam a22001457a 4500 | ||
|---|---|---|---|
| 999 |
_c8916 _d8916 |
||
| 003 | GBCCL | ||
| 005 | 20241126110701.0 | ||
| 008 | 220125b ||||| |||| 00| 0 eng d | ||
| 040 | _cgbc | ||
| 082 |
_aSOU TOU _b2021 |
||
| 245 |
_aToupa phat un : BYF & BCD, EBCC Mualnuam golden jubilee souvenir 1971-2021 / _cedited by G Lalkhanlian |
||
| 260 |
_aMualnuam: _bBYF & BCD, _c2021. |
||
| 300 | _a106p. ; | ||
| 942 |
_2ddc _cARCH |
||